000
00320nam a2200133Ia 4500
005
20260328101511.0
008
260328s9999||||xx |||||||||||||| ||und||
100
_a
Bardi, P.M.
245
0
_a
Le Corbusier /
_c
P.M. Bardi
260
_b
Museo de Arte de Sao Paulo
300
_a
71 p.
650
_a
Corbusier, Le
942
_c
BK
999
_c
9192
_d
9192